[Event "Titled Tuesday intern op 24th Oct Late"]
[Site "Chess.com INT"]
[Date "2023.10.24"]
[Round "7"]
[White "Djordjevic, Dejan N"]
[Black "Buchenau, Frank"]
[Result "0-1"]
[WhiteElo "2117"]
[BlackElo "2135"]
[PlyCount "72"]
[EventDate "2023.10.24"]
[EventType "swiss (blitz)"]
[EventRounds "11"]
[EventCountry "USA"]
[SourceTitle "Mega2024 Update 01"]
[Source "Chessbase"]
[SourceDate "2023.11.12"]
[SourceVersion "1"]
[SourceVersionDate "2023.11.12"]
[SourceQuality "1"]

1. e4 e6 2. d3 d5 3. Nd2 Nf6 4. Ngf3 c5 5. c3 Nc6 6. Be2 Bd6 7. 0-0 0-0 8. Re1 Qc7 9. Nf1 b5 10. Bg5 Ng4 11. exd5 exd5 12. d4 c4 13. h3 f6 14. Bc1 Nh6 15. Bxh6 gxh6 16. Ne3 Ne7 17. Qc2 f5 18. Nh4 f4 19. Ng4 Kg7 20. Bf3 Nf5 21. Bxd5 Nxh4 22. Bxa8 Bxg4 23. hxg4 Rxa8 24. Qe4 Rf8 25. a4 f3 26. g3 Ng2 27. axb5 Nxe1 28. Rxe1 Rf7 29. Qc6 Bxg3 30. Qxc7 Bxc7 31. Re6 Bf4 32. Rc6 Re7 33. Kf1 Bd2 34. Kg1 Re1+ 35. Kh2 Bf4+ 36. Kh3 Rh1# 0-1

[Event "Titled Tuesday intern op 24th Oct Late"]
[Site "Chess.com INT"]
[Date "2023.10.24"]
[Round "4"]
[White "Djordjevic, Dejan N"]
[Black "Castellanos Hernandez, Emilio Au"]
[Result "1-0"]
[WhiteElo "2117"]
[BlackElo "1970"]
[PlyCount "53"]
[EventDate "2023.10.24"]
[EventType "swiss (blitz)"]
[EventRounds "11"]
[EventCountry "USA"]
[SourceTitle "Mega2024 Update 01"]
[Source "Chessbase"]
[SourceDate "2023.11.12"]
[SourceVersion "1"]
[SourceVersionDate "2023.11.12"]
[SourceQuality "1"]

1. e4 c5 2. Nc3 e6 3. g3 g6 4. Bg2 Bg7 5. Nge2 Ne7 6. d4 0-0 7. dxc5 Qc7 8. Be3 b6 9. cxb6 axb6 10. 0-0 Bb7 11. a3 Nbc6 12. Rc1 Rfd8 13. f4 d5 14. exd5 Nxd5 15. Nxd5 exd5 16. Nd4 Re8 17. Bf2 Ba6 18. Nxc6 Bxf1 19. Kxf1 Qxc6 20. Bxd5 Qb5+ 21. c4 Qxb2 22. Bxa8 Rxa8 23. Rb1 Qxa3 24. Rxb6 Qc3 25. Qb3 Ra1+ 26. Kg2 Qd3 27. Qxd3 1-0

[Event "Titled Tuesday intern op 26th Sep Late"]
[Site "Chess.com INT"]
[Date "2023.09.26"]
[Round "3"]
[White "Djordjevic, Dejan N"]
[Black "Biliy, Vadim"]
[Result "1-0"]
[WhiteElo "2117"]
[BlackElo "2331"]
[PlyCount "73"]
[EventDate "2023.09.26"]
[EventType "swiss (blitz)"]
[EventRounds "11"]
[EventCountry "USA"]
[SourceTitle "EXT 2024"]
[Source "ChessBase"]
[SourceDate "2023.10.10"]
[SourceVersion "1"]
[SourceVersionDate "2023.10.10"]
[SourceQuality "1"]

1. e4 d6 2. d4 Nf6 3. Nc3 g6 4. g3 Bg7 5. Bg2 0-0 6. Nge2 Nc6 7. 0-0 e5 8. Bg5 exd4 9. Nxd4 h6 10. Nxc6 bxc6 11. Be3 Rb8 12. Rb1 c5 13. h3 Be6 14. f4 Qd7 15. Kh2 Rb4 16. Qd2 Kh7 17. Bg1 Rfb8 18. b3 Ng8 19. Nd5 Bxd5 20. Qxd5 Nf6 21. Qd3 c4 22. Qe2 c5 23. Rbd1 cxb3 24. axb3 Qe7 25. Rfe1 Ne8 26. Qd3 a5 27. h4 c4 28. bxc4 a4 29. h5 Bb2 30. hxg6+ fxg6 31. c3 Rb3 32. Bd4 a3 33. e5 a2 34. exd6 Qxd6 35. c5 Qf8 36. Be4 Qg8 37. f5 1-0

[Event "Titled Tuesday intern op 19th Sep Late"]
[Site "Chess.com INT"]
[Date "2023.09.19"]
[Round "8"]
[White "Djordjevic, Dejan N"]
[Black "Yelisieiev, Yevhenii"]
[Result "0-1"]
[WhiteElo "2117"]
[BlackElo "2411"]
[PlyCount "44"]
[EventDate "2023.09.19"]
[EventType "swiss (blitz)"]
[EventRounds "11"]
[EventCountry "USA"]
[SourceTitle "EXT 2024"]
[Source "ChessBase"]
[SourceDate "2023.10.10"]
[SourceVersion "1"]
[SourceVersionDate "2023.10.10"]
[SourceQuality "1"]

1. e4 d6 2. d4 Nf6 3. Nc3 e5 4. Nge2 c6 5. a4 a5 6. h3 Be7 7. Be3 Na6 8. g3 Nb4 9. Bg2 Be6 10. 0-0 Bc4 11. f4 0-0 12. Rf2 Qc7 13. b3 Ba6 14. g4 Rad8 15. Ng3 exd4 16. Bxd4 d5 17. exd5 Nfxd5 18. Nxd5 Nxd5 19. Qd2 Bb4 20. Qc1 Nc3 21. Be5 Qb6 22. Nf5 Ne2+ 0-1

[Event "Titled Tuesday intern op 19th Sep Late"]
[Site "Chess.com INT"]
[Date "2023.09.19"]
[Round "9"]
[White "Petrova, Irina"]
[Black "Djordjevic, Dejan N"]
[Result "1-0"]
[WhiteElo "2108"]
[BlackElo "2117"]
[PlyCount "81"]
[EventDate "2023.09.19"]
[EventType "swiss (blitz)"]
[EventRounds "11"]
[EventCountry "USA"]
[SourceTitle "EXT 2024"]
[Source "ChessBase"]
[SourceDate "2023.10.10"]
[SourceVersion "1"]
[SourceVersionDate "2023.10.10"]
[SourceQuality "1"]

1. e4 c5 2. Nf3 Nc6 3. Bb5 g6 4. Bxc6 dxc6 5. d3 Bg7 6. Nc3 e5 7. Be3 b6 8. Qd2 h6 9. h3 Qc7 10. 0-0 Nf6 11. a3 a5 12. b4 axb4 13. axb4 Rxa1 14. Rxa1 cxb4 15. Ne2 c5 16. c3 bxc3 17. Qxc3 Nd7 18. d4 exd4 19. Bxd4 Bxd4 20. Nexd4 0-0 21. Nc2 Bb7 22. Nd2 Re8 23. Ne3 b5 24. Ng4 Qf4 25. Ra7 Rb8 26. g3 b4 27. Qb2 Qg5 28. Nf3 Qe7 29. Nxh6+ Kh7 30. Ng4 c4 31. h4 c3 32. Qb3 Kg7 33. Ng5 Nc5 34. Qxb4 f6 35. Qxc3 Nxe4 36. Nxe4 Qxe4 37. Qxf6+ Kg8 38. f3 Qxf3 39. Qxf3 Bxf3 40. Ne5 Be4 41. Kf2 1-0

[Event "Titled Tuesday intern op 22nd Aug Late"]
[Site "Chess.com INT"]
[Date "2023.08.22"]
[Round "4"]
[White "Schut, Han"]
[Black "Djordjevic, Dejan N"]
[Result "0-1"]
[WhiteElo "2091"]
[BlackElo "2159"]
[PlyCount "48"]
[EventDate "2023.08.22"]
[EventType "swiss (blitz)"]
[EventRounds "11"]
[EventCountry "USA"]
[SourceTitle "EXT 2024"]
[Source "ChessBase"]
[SourceDate "2023.10.10"]
[SourceVersion "1"]
[SourceVersionDate "2023.10.10"]
[SourceQuality "1"]

1. e4 c5 2. Nf3 Nc6 3. d4 cxd4 4. Nxd4 Nf6 5. Nc3 Qb6 6. Nb3 e6 7. Be3 Qc7 8. a3 a6 9. Bd3 b5 10. 0-0 Be7 11. f4 d6 12. Qe1 0-0 13. Qg3 Rb8 14. Qh3 b4 15. axb4 Nxb4 16. Rad1 Nxd3 17. Rxd3 a5 18. Bd4 Ba6 19. Rg3 Bxf1 20. Kxf1 a4 21. e5 dxe5 22. fxe5 Qc4+ 23. Ke1 Ne8 24. Qh4 Bxh4 0-1

[Event "Titled Tuesday intern op 08th Aug Late"]
[Site "Chess.com INT"]
[Date "2023.08.08"]
[Round "4"]
[White "Djordjevic, Dejan N"]
[Black "Gabdushev, Ruslan"]
[Result "1-0"]
[WhiteElo "2159"]
[BlackElo "2256"]
[PlyCount "61"]
[EventDate "2023.08.08"]
[EventType "swiss (blitz)"]
[EventRounds "11"]
[EventCountry "USA"]
[SourceTitle "EXT 2024"]
[Source "ChessBase"]
[SourceDate "2023.10.10"]
[SourceVersion "1"]
[SourceVersionDate "2023.10.10"]
[SourceQuality "1"]

1. e4 c6 2. d4 g6 3. Nd2 Bg7 4. Ngf3 d6 5. h3 e5 6. c3 Ne7 7. Bd3 0-0 8. 0-0 h6 9. a4 Be6 10. Re1 Nd7 11. Bf1 Qc7 12. b3 b6 13. Ba3 Rfd8 14. Rc1 Nf8 15. Qc2 a6 16. Nc4 b5 17. Ne3 Rab8 18. axb5 axb5 19. Bb2 Nh7 20. dxe5 dxe5 21. Ra1 Ng5 22. Nxg5 hxg5 23. c4 Qb6 24. Bc3 f5 25. Ba5 Qb7 26. Bxd8 Rxd8 27. cxb5 cxb5 28. Qc5 Nc8 29. Bxb5 Qxe4 30. Bc4 Qd4 31. Bxe6+ 1-0

[Event "Titled Tuesday intern op 08th Aug Late"]
[Site "Chess.com INT"]
[Date "2023.08.08"]
[Round "3"]
[White "Djordjevic, Dejan N"]
[Black "Grinev, Valeriy"]
[Result "0-1"]
[WhiteElo "2159"]
[BlackElo "2418"]
[PlyCount "68"]
[EventDate "2023.08.08"]
[EventType "swiss (blitz)"]
[EventRounds "11"]
[EventCountry "USA"]
[SourceTitle "EXT 2024"]
[Source "ChessBase"]
[SourceDate "2023.10.10"]
[SourceVersion "1"]
[SourceVersionDate "2023.10.10"]
[SourceQuality "1"]

1. e4 c5 2. Nc3 Nc6 3. g3 Nf6 4. Bg2 e6 5. Nge2 d5 6. exd5 exd5 7. d4 cxd4 8. Nxd4 Bc5 9. Be3 Qb6 10. Nce2 0-0 11. h3 Re8 12. 0-0 a5 13. Rb1 Bd7 14. c3 Rad8 15. Re1 h6 16. b3 Ne5 17. Qc2 Rc8 18. Red1 Nc6 19. Qb2 Ne4 20. Rbc1 Ne5 21. a3 Nc4 22. Qa2 Nxe3 23. fxe3 Nxg3 24. Nxg3 Rxe3 25. Nf1 Rxc3 26. Kh1 Bxd4 27. Rxc3 Rxc3 28. Qd2 Bf6 29. b4 Bxh3 30. Qxd5 Bxg2+ 31. Qxg2 axb4 32. axb4 Qxb4 33. Nh2 Qh4 34. Rf1 Be5 0-1

[Event "Titled Tuesday intern op 01st Aug Late"]
[Site "Chess.com INT"]
[Date "2023.08.01"]
[Round "5"]
[White "Kanyamarala, Tarun"]
[Black "Djordjevic, Dejan N"]
[Result "0-1"]
[WhiteElo "2344"]
[BlackElo "2159"]
[PlyCount "76"]
[EventDate "2023.08.01"]
[EventType "swiss (blitz)"]
[EventRounds "11"]
[EventCountry "USA"]
[SourceTitle "EXT 2024"]
[Source "ChessBase"]
[SourceDate "2023.10.10"]
[SourceVersion "1"]
[SourceVersionDate "2023.10.10"]
[SourceQuality "1"]

1. Nf3 Nf6 2. b3 g6 3. Bb2 Bg7 4. c3 d6 5. d3 b6 6. c4 Bb7 7. g3 Nbd7 8. Bg2 0-0 9. 0-0 a5 10. a3 e5 11. Nc3 Ne8 12. Nd2 Bxg2 13. Kxg2 f5 14. e3 Nef6 15. Nd5 c6 16. Nc3 d5 17. cxd5 cxd5 18. e4 fxe4 19. dxe4 d4 20. Ne2 Nc5 21. f3 b5 22. a4 Qb6 23. Ba3 Rac8 24. Rc1 b4 25. Nc4 Qa6 26. Bb2 Nxa4 27. Ra1 Nxb2 28. Nxb2 Rfe8 29. Nc4 Rc5 30. Nc1 Rb5 31. Nd3 Nd7 32. Qd2 Ra8 33. Ra4 Nb6 34. Nxb4 Nxc4 35. bxc4 Rxb4 36. Rxb4 axb4 37. Qxb4 Bf8 38. Qe1 Qxc4 0-1

[Event "Titled Tuesday intern op 25th Jul Late"]
[Site "Chess.com INT"]
[Date "2023.07.25"]
[Round "2"]
[White "Sipila, Vilka"]
[Black "Djordjevic, Dejan N"]
[Result "0-1"]
[WhiteElo "2436"]
[BlackElo "2159"]
[PlyCount "106"]
[EventDate "2023.07.25"]
[EventType "swiss (blitz)"]
[EventRounds "11"]
[EventCountry "USA"]
[SourceTitle "EXT 2024"]
[Source "ChessBase"]
[SourceDate "2023.10.10"]
[SourceVersion "1"]
[SourceVersionDate "2023.10.10"]
[SourceQuality "1"]

1. Nf3 Nf6 2. g3 g6 3. b3 Bg7 4. Bb2 0-0 5. Bg2 d6 6. d4 c6 7. 0-0 a6 8. c4 b5 9. Nc3 Ra7 10. e4 b4 11. Na4 Nxe4 12. Re1 Nf6 13. h3 a5 14. Qd2 Bd7 15. g4 h5 16. g5 Nh7 17. c5 d5 18. Ne5 Bf5 19. a3 bxa3 20. Rxa3 Nxg5 21. Qxg5 f6 22. Nxc6 Nxc6 23. Qd2 Nb4 24. Nb6 Ra6 25. Rea1 e6 26. Rxa5 Rxa5 27. Rxa5 Nd3 28. Bc3 g5 29. Ra7 Nf4 30. h4 Nxg2 31. Kxg2 g4 32. Qf4 Be4+ 33. Kh2 e5 34. Qg3 f5 35. Kg1 f4 36. Qh2 exd4 37. Rxg7+ Kxg7 38. Bxd4+ Kg6 39. c6 Qc7 40. f3 Bxf3 41. Qc2+ Be4 42. Qc5 Rf7 43. Nd7 Rxd7 44. cxd7 Qxd7 45. Qf8 g3 46. Qf6+ Kh7 47. Qh8+ Kg6 48. Qg8+ Kf5 49. Qf8+ Kg4 50. Be5 Bf5 51. Qg7+ Kf3 52. Qg5 Qa7+ 53. Bd4 Qxd4+ 0-1

[Event "Titled Tuesday intern op 18th Jul Late"]
[Site "Chess.com INT"]
[Date "2023.07.18"]
[Round "3"]
[White "Djordjevic, Dejan N"]
[Black "Tarhan, Adar"]
[Result "0-1"]
[WhiteElo "2159"]
[BlackElo "2347"]
[PlyCount "150"]
[EventDate "2023.07.18"]
[EventType "swiss (blitz)"]
[EventRounds "11"]
[EventCountry "USA"]
[SourceTitle "EXT 2024"]
[Source "ChessBase"]
[SourceDate "2023.10.10"]
[SourceVersion "1"]
[SourceVersionDate "2023.10.10"]
[SourceQuality "1"]

1. e4 e6 2. d3 d5 3. Nd2 dxe4 4. dxe4 b6 5. Ngf3 Bb7 6. Bc4 Nf6 7. Qe2 Nbd7 8. 0-0 Nc5 9. e5 Nd5 10. Nb3 Nxb3 11. Bxb3 Bc5 12. Bg5 Be7 13. Bd2 0-0 14. Rad1 c5 15. Bc1 Qc7 16. a3 Qc6 17. Bc4 Rfd8 18. Rfe1 Nc7 19. Bd3 b5 20. c4 a6 21. Qc2 g6 22. b3 bxc4 23. bxc4 Rab8 24. Bf4 Qe8 25. Rb1 Bxf3 26. gxf3 Rxb1 27. Rxb1 Rb8 28. Be4 Qd8 29. Rxb8 Qxb8 30. Qa4 Qd8 31. Be3 h5 32. Qc6 h4 33. h3 Kg7 34. Kg2 Bf8 35. f4 Qe7 36. Bd2 Qd8 37. Be3 Qe7 38. a4 f5 39. Bf3 Kf7 40. a5 Qd8 41. Bxc5 Bxc5 42. Qxc5 g5 43. Bh5+ Kg7 44. Qd6 Qa8+ 45. Bf3 Qc8 46. Qe7+ Kh8 47. fxg5 Ne8 48. g6 Ng7 49. Qf7 Qd8 50. c5 Qg5+ 51. Kh1 Qc1+ 52. Kh2 Qf4+ 53. Kg2 Qg5+ 54. Kh2 Qf4+ 55. Kg1 Qg5+ 56. Kf1 Qc1+ 57. Ke2 Qc2+ 58. Ke3 Qxc5+ 59. Kd3 Qb5+ 60. Kd4 Qb2+ 61. Kc5 Qxe5+ 62. Kc6 Qc3+ 63. Kd7 Qd3+ 64. Ke7 Qa3+ 65. Kf6 Qc3+ 66. Kg5 Qc1+ 67. Kf6 Qc3+ 68. Ke7 Qc5+ 69. Kd8 Qd6+ 70. Kc8 Qc5+ 71. Kb7 Qb5+ 72. Ka7 Qc5+ 73. Kb8 Qe5+ 74. Kb7 Qb2+ 75. Kxa6 Qb8 0-1

[Event "Titled Tuesday intern op 18th Jul Late"]
[Site "Chess.com INT"]
[Date "2023.07.18"]
[Round "4"]
[White "Jovic, Stanoje"]
[Black "Djordjevic, Dejan N"]
[Result "0-1"]
[WhiteElo "2075"]
[BlackElo "2159"]
[PlyCount "86"]
[EventDate "2023.07.18"]
[EventType "swiss (blitz)"]
[EventRounds "11"]
[EventCountry "USA"]
[SourceTitle "EXT 2024"]
[Source "ChessBase"]
[SourceDate "2023.10.10"]
[SourceVersion "1"]
[SourceVersionDate "2023.10.10"]
[SourceQuality "1"]

1. c4 Nf6 2. g3 g6 3. Bg2 Bg7 4. Nc3 0-0 5. Nf3 d6 6. 0-0 Nc6 7. d3 a6 8. Rb1 Rb8 9. b4 b5 10. cxb5 axb5 11. Qc2 Bd7 12. h3 Qc8 13. Kh2 h5 14. Bg5 Re8 15. Rfc1 e6 16. a3 Qa6 17. a4 Na7 18. a5 Nc6 19. Ne4 Nd5 20. Bd2 Rec8 21. Nfg5 f5 22. Qb3 Nd4 23. Qd1 fxe4 24. dxe4 Ne7 25. Bc3 e5 26. Bxd4 exd4 27. Qb3+ d5 28. exd5 Kh8 29. Rc6 Bxc6 30. dxc6 Rf8 31. Qe6 Rbe8 32. Nf7+ Rxf7 33. Qxf7 Qc8 34. a6 Kh7 35. a7 Nf5 36. Qd7 Qa8 37. Ra1 Rxe2 38. Qxc7 Rxf2 39. Qb7 Qe8 40. c7 Qe5 41. c8Q Nxg3 42. Qcb8 Nf1+ 43. Kg1 Qe3 0-1

[Event "Titled Tuesday intern op 18th Jul Late"]
[Site "Chess.com INT"]
[Date "2023.07.18"]
[Round "8"]
[White "Mendez Fortes, Eduardo Jesus"]
[Black "Djordjevic, Dejan N"]
[Result "1-0"]
[WhiteElo "2231"]
[BlackElo "2159"]
[PlyCount "105"]
[EventDate "2023.07.18"]
[EventType "swiss (blitz)"]
[EventRounds "11"]
[EventCountry "USA"]
[SourceTitle "EXT 2024"]
[Source "ChessBase"]
[SourceDate "2023.10.10"]
[SourceVersion "1"]
[SourceVersionDate "2023.10.10"]
[SourceQuality "1"]

1. e4 c5 2. Nf3 Nc6 3. d4 cxd4 4. Nxd4 Nf6 5. Nc3 Qb6 6. Nb3 e6 7. Qe2 a6 8. f4 d6 9. Be3 Qc7 10. 0-0-0 b5 11. Qf3 Rb8 12. Kb1 Be7 13. g4 b4 14. Ne2 e5 15. f5 a5 16. Ng3 a4 17. Nd2 Na5 18. g5 Nd7 19. Nh5 Bf8 20. f6 g6 21. Ng7+ Bxg7 22. fxg7 Rg8 23. h4 Rxg7 24. h5 gxh5 25. Bd3 Nf8 26. Rxh5 Be6 27. Qe2 Qc6 28. b3 a3 29. Nc4 Nxc4 30. Bxc4 Bxc4 31. bxc4 Ne6 32. Rh6 Ke7 33. Rd5 Rc8 34. c5 dxc5 35. Bxc5+ Ke8 36. Rxe5 Qc7 37. Rexe6+ fxe6 38. Rxe6+ Kf7 39. Re7+ Qxe7 40. Bxe7 Kxe7 41. Qb5 Rcg8 42. Qxb4+ Ke6 43. Qxa3 Rxg5 44. Qh3+ Ke5 45. Qxh7 Rb8+ 46. Kc1 Rg1+ 47. Kd2 Rd8+ 48. Ke3 Rg3+ 49. Kf2 Rdg8 50. Qf5+ Kd4 51. Qd5+ Kc3 52. Qe5+ Kxc2 53. Qxg3 1-0

[Event "Titled Tuesday intern op 18th Jul Late"]
[Site "Chess.com INT"]
[Date "2023.07.18"]
[Round "2"]
[White "Silva, Caio Henrique Angel"]
[Black "Djordjevic, Dejan N"]
[Result "0-1"]
[WhiteElo "2165"]
[BlackElo "2159"]
[PlyCount "54"]
[EventDate "2023.07.18"]
[EventType "swiss (blitz)"]
[EventRounds "11"]
[EventCountry "USA"]
[SourceTitle "EXT 2024"]
[Source "ChessBase"]
[SourceDate "2023.10.10"]
[SourceVersion "1"]
[SourceVersionDate "2023.10.10"]
[SourceQuality "1"]

1. Nf3 Nf6 2. g3 g6 3. Bg2 Bg7 4. 0-0 0-0 5. c4 d6 6. d4 Nc6 7. Nc3 a6 8. e4 Bd7 9. d5 Na5 10. Qd3 c5 11. a3 b5 12. cxb5 c4 13. Qc2 axb5 14. Be3 Nb3 15. Rad1 Qb8 16. Nd4 Nxd4 17. Bxd4 b4 18. axb4 Qxb4 19. f4 Rfb8 20. Ne2 Ng4 21. Bxg7 Kxg7 22. Rf3 Qxb2 23. Qxc4 Kg8 24. Nd4 Ra2 25. Qf1 Rb4 26. Rfd3 Ba4 27. Re1 Rxd4 0-1

[Event "Titled Tuesday intern op 11th Jul Late"]
[Site "Chess.com INT"]
[Date "2023.07.11"]
[Round "6"]
[White "Djordjevic, Dejan N"]
[Black "Campos, Maria Jose"]
[Result "1/2-1/2"]
[WhiteElo "2159"]
[BlackElo "2212"]
[PlyCount "88"]
[EventDate "2023.07.11"]
[EventType "swiss (blitz)"]
[EventRounds "11"]
[EventCountry "USA"]
[SourceTitle "EXT 2024"]
[Source "ChessBase"]
[SourceDate "2023.10.10"]
[SourceVersion "1"]
[SourceVersionDate "2023.10.10"]
[SourceQuality "1"]

1. e4 e5 2. Nf3 Nc6 3. Bc4 Nf6 4. d3 Bc5 5. 0-0 d6 6. Re1 h6 7. c3 a6 8. Bb3 Ba7 9. Nbd2 0-0 10. Nf1 Be6 11. Bc2 Re8 12. Be3 d5 13. Bxa7 Rxa7 14. Qe2 d4 15. Ng3 Ra8 16. Bb3 a5 17. Bxe6 fxe6 18. Rac1 Qd6 19. Nf1 Re7 20. N1d2 b5 21. a4 dxc3 22. bxc3 b4 23. Nc4 Qc5 24. cxb4 Qxb4 25. Ncxe5 Nxe5 26. Nxe5 Qxa4 27. Rc4 Qb5 28. Qc2 Qxe5 29. d4 Qf4 30. f3 Rd7 31. Qb3 Kh8 32. g3 Qd2 33. Rd1 Qe2 34. Ra4 Rad8 35. Ra2 Qa6 36. Rad2 a4 37. Qb4 a3 38. Kg2 a2 39. Ra1 Qb6 40. Qxb6 cxb6 41. Raxa2 Rxd4 42. Rdb2 Rb8 43. Rb5 Nd7 44. Rc2 Kg8 1/2-1/2

[Event "Titled Tuesday intern op 11th Jul Late"]
[Site "Chess.com INT"]
[Date "2023.07.11"]
[Round "7"]
[White "Mei, Austin"]
[Black "Djordjevic, Dejan N"]
[Result "1-0"]
[WhiteElo "2274"]
[BlackElo "2159"]
[PlyCount "83"]
[EventDate "2023.07.11"]
[EventType "swiss (blitz)"]
[EventRounds "11"]
[EventCountry "USA"]
[SourceTitle "EXT 2024"]
[Source "ChessBase"]
[SourceDate "2023.10.10"]
[SourceVersion "1"]
[SourceVersionDate "2023.10.10"]
[SourceQuality "1"]

1. e4 c5 2. Nf3 Nc6 3. d4 cxd4 4. Nxd4 Nf6 5. Nc3 Qb6 6. Nb3 e6 7. Be3 Qc7 8. Be2 a6 9. a4 b6 10. 0-0 d6 11. f4 Be7 12. Bf3 Rb8 13. g4 0-0 14. g5 Nd7 15. Bg2 f6 16. f5 Nc5 17. fxe6 Bxe6 18. Nd5 Bxd5 19. Qxd5+ Kh8 20. g6 Ne5 21. gxh7 Qd7 22. Nd4 Qg4 23. Rf4 Qh5 24. Nf5 Rbe8 25. Kh1 Qf7 26. Rg1 g5 27. Rff1 Qxh7 28. b4 Ncd7 29. Nxd6 Bxd6 30. Qxd6 Qe7 31. Qd1 Kg7 32. Bh3 Rh8 33. Bf5 Rh4 34. Bf2 Rh6 35. Bg3 Reh8 36. Kg2 Nf8 37. Qd4 Nfg6 38. Bxg6 Kxg6 39. Rf5 Ng4 40. Rgf1 Rxh2+ 41. Bxh2 Rxh2+ 42. Kg1 1-0

[Event "Titled Tuesday intern op 13th Jun Late"]
[Site "Chess.com INT"]
[Date "2023.06.13"]
[Round "5"]
[White "Argandona Riveiro, Inigo"]
[Black "Djordjevic, Dejan N"]
[Result "1-0"]
[WhiteElo "2344"]
[BlackElo "2159"]
[PlyCount "59"]
[EventDate "2023.06.13"]
[EventType "swiss (blitz)"]
[EventRounds "11"]
[EventCountry "USA"]
[SourceTitle "EXT 2024"]
[Source "ChessBase"]
[SourceDate "2023.10.10"]
[SourceVersion "1"]
[SourceVersionDate "2023.10.10"]
[SourceQuality "1"]

1. Nf3 Nf6 2. c4 g6 3. Nc3 d6 4. e4 Bg7 5. d4 0-0 6. Be3 Nc6 7. Be2 e5 8. d5 Ne7 9. Nd2 Ne8 10. g4 f5 11. gxf5 gxf5 12. exf5 Nxf5 13. Nde4 Nxe3 14. fxe3 Qh4+ 15. Kd2 Bh6 16. Qg1+ Kh8 17. Qg3 Qe7 18. Rhg1 c5 19. Raf1 Bf5 20. Rxf5 Ng7 21. Rxf8+ Rxf8 22. Qh3 Nf5 23. Bg4 Bxe3+ 24. Kd3 Bxg1 25. Bxf5 Rd8 26. Ng5 Rg8 27. Nxh7 Bf2 28. Nf6+ Kg7 29. Qh7+ Kxf6 30. Ne4# 1-0

[Event "Titled Tuesday intern op 13th Jun Late"]
[Site "Chess.com INT"]
[Date "2023.06.13"]
[Round "7"]
[White "Pesotskiy, Mikhail"]
[Black "Djordjevic, Dejan N"]
[Result "0-1"]
[WhiteElo "2153"]
[BlackElo "2159"]
[PlyCount "72"]
[EventDate "2023.06.13"]
[EventType "swiss (blitz)"]
[EventRounds "11"]
[EventCountry "USA"]
[SourceTitle "EXT 2024"]
[Source "ChessBase"]
[SourceDate "2023.10.10"]
[SourceVersion "1"]
[SourceVersionDate "2023.10.10"]
[SourceQuality "1"]

1. d4 Nf6 2. c4 g6 3. Nc3 d6 4. e4 Bg7 5. f3 0-0 6. Be3 Nc6 7. Qd2 e5 8. d5 Ne7 9. g4 Ne8 10. Bd3 f5 11. gxf5 gxf5 12. Nge2 f4 13. Bf2 c5 14. 0-0-0 Kh8 15. Rdg1 a6 16. h4 Ng8 17. h5 Nh6 18. Bh4 Bf6 19. Qe1 Bd7 20. Kb1 Nc7 21. Bxf6+ Qxf6 22. Qh4 Qxh4 23. Rxh4 b5 24. Rh2 Rg8 25. Rhg2 Rxg2 26. Rxg2 Rg8 27. Rxg8+ Kxg8 28. cxb5 axb5 29. a3 Kg7 30. b4 cxb4 31. axb4 Nf7 32. Nc1 Kh6 33. Nb3 Kxh5 34. Na5 Kh4 35. Ne2 Kh3 36. Kc2 Kg2 0-1

[Event "Titled Tuesday intern op 06th Jun Late"]
[Site "Chess.com INT"]
[Date "2023.06.06"]
[Round "4"]
[White "Djordjevic, Dejan N"]
[Black "Rees, Ioan"]
[Result "0-1"]
[WhiteElo "2159"]
[BlackElo "2293"]
[PlyCount "74"]
[EventDate "2023.06.06"]
[EventType "swiss (blitz)"]
[EventRounds "11"]
[EventCountry "USA"]
[SourceTitle "EXT 2024"]
[Source "ChessBase"]
[SourceDate "2023.10.10"]
[SourceVersion "1"]
[SourceVersionDate "2023.10.10"]
[SourceQuality "1"]

1. e4 e5 2. Nf3 Nc6 3. Bc4 Bc5 4. c3 Nf6 5. d3 a6 6. 0-0 Ba7 7. Re1 d6 8. Bb3 h6 9. Nbd2 g5 10. Nf1 g4 11. N3d2 h5 12. Nc4 h4 13. Bg5 g3 14. hxg3 Nxe4 15. Rxe4 Qxg5 16. gxh4 Rxh4 17. Rxh4 Qxh4 18. Qf3 Be6 19. Nce3 0-0-0 20. Bxe6+ fxe6 21. Qg4 Qh6 22. Qh3 Qf6 23. Ng4 Qg7 24. Nfe3 Rh8 25. Qf3 Qh7 26. g3 Qxd3 27. Kg2 Qh7 28. Kg1 Ne7 29. Qg2 Nf5 30. Nc4 Nxg3 31. Nf6 Qh1+ 32. Qxh1 Rxh1+ 33. Kg2 Rxa1 34. fxg3 Rxa2 35. g4 b5 36. Na3 Rxb2+ 37. Kf3 Rf2+ 0-1

[Event "Titled Tuesday intern op 06th Jun Late"]
[Site "Chess.com INT"]
[Date "2023.06.06"]
[Round "3"]
[White "Ozalp, Burak"]
[Black "Djordjevic, Dejan N"]
[Result "1-0"]
[WhiteElo "2183"]
[BlackElo "2159"]
[PlyCount "149"]
[EventDate "2023.06.06"]
[EventType "swiss (blitz)"]
[EventRounds "11"]
[EventCountry "USA"]
[SourceTitle "EXT 2024"]
[Source "ChessBase"]
[SourceDate "2023.10.10"]
[SourceVersion "1"]
[SourceVersionDate "2023.10.10"]
[SourceQuality "1"]

1. e4 c5 2. Nf3 Nc6 3. Bb5 g6 4. Bxc6 dxc6 5. 0-0 Bg7 6. Re1 e5 7. b4 cxb4 8. a3 bxa3 9. Bxa3 Ne7 10. d3 0-0 11. Nbd2 Qc7 12. Nc4 Rd8 13. Qb1 b5 14. Na5 Bg4 15. Nd2 Be6 16. Ndb3 Bxb3 17. Qxb3 a6 18. Bxe7 Qxe7 19. Nxc6 Qb7 20. Nxd8 Rxd8 21. g3 Bf8 22. Kg2 Rd4 23. Ra2 Kg7 24. Rea1 Rd6 25. c4 b4 26. Ra5 f6 27. R1a4 Rc6 28. Rd5 Bc5 29. h4 Rc7 30. h5 Qb6 31. Rxc5 Qxc5 32. hxg6 hxg6 33. Qxb4 Qd4 34. Ra3 f5 35. Qc3 Rd7 36. Qxd4 Rxd4 37. exf5 gxf5 38. Rxa6 Rxd3 39. Rc6 Rc3 40. Kf1 Rc2 41. Ke1 Kf7 42. f3 Ke7 43. g4 fxg4 44. fxg4 Rg2 45. Rc7+ Kd6 46. Rg7 Rc2 47. Kf1 Rxc4 48. Kf2 Rc3 49. Rg6+ Ke7 50. g5 e4 51. Ra6 Kf7 52. Kg2 Kg7 53. Kf2 Kf7 54. Ke2 Kg7 55. Rf6 Rb3 56. Re6 Rg3 57. Rxe4 Rxg5 58. Kf3 Rf5+ 59. Kg4 Kf6 60. Re8 Rg5+ 61. Kf4 Rf5+ 62. Ke4 Rh5 63. Rf8+ Ke7 64. Ra8 Kd6 65. Ra6+ Ke7 66. Kf4 Rc5 67. Ra4 Rb5 68. Ke4 Rc5 69. Ra7+ Ke6 70. Kd4 Rg5 71. Ra6+ Kd7 72. Ke4 Rh5 73. Ra7+ Kd6 74. Kf3 Ke6 75. Ra6+ 1-0